00465nam a2200133Ia 4500008004100000020001800041050002100059100001800080245003800098260004200136300004000178500003400218650007900252120721s9999 xx 000 0 und d a0-201-64492-4 aT385 C6387 c1994 aRimmer, Steve aDomine coreldraw 3 / Steve Rimmer aBuenos Aires : Addison-wesley, [199-] a632 p. : il. ; 22 cm. + 2 disquetes aIncluye dos disquetes de 31/2 a1. Corel Draw (programa para computadora) 2. Gráficas por computadoraÌ